[Event "V Sunway Sitges Open 2018"]
[Site "Sitges"]
[Date "2018.12.22"]
[Round "9"]
[White "Garriga Cazorla, Pere"]
[Black "Gordievsky, Dmitry"]
[Result "0-1"]
[WhiteElo "2448"]
[BlackElo "2614"]
[Annotator "TA"]
[PlyCount "54"]
[EventDate "2018.12.14"]
[EventType "swiss"]
[EventCountry "ESP"]
[SourceTitle "playchess.com"]
[Source "ChessBase"]
[SourceQuality "1"]

{[%evp 21,54,14,22,16,14,-13,29,31,55,54,51,45,42,35,44,40,53,0,0,4,9,10,2,-14,-14,-15,0,-147,-146,-156,-162,-174,-195,-29997,1385]} 1. d4 f5 2. c4 Nf6 3. Nc3 d6 4. Nf3 g6 5. g3 Bg7 6. Bg2 O-O 7. O-O c6 8. Rb1 a5 9. d5 {A88: Dutch Defence: Leningrad System: 5 Nf3 0-0 6 0-0 d6 7 Nc3 c6} e5 10. dxe6 Bxe6 11. b3 Na6 {LiveBook: 29 Games} (11... Qe7 12. Bf4 Rd8 13. Qd2 d5 14. cxd5 Nxd5 15. Nxd5 Bxd5 16. Bg5 Bf6 17. Bxf6 Qxf6 {0-1 (70) Sarana,A (2543)-Mamedyarov,S (2791) Sochi 2017}) 12. Ba3 Nc5 $146 ({Predecessor:} 12... Ne8 13. Nd4 Bf7 14. e4 Nb4 15. Bb2 fxe4 16. Bxe4 d5 17. cxd5 Bxd5 18. Nxd5 Nxd5 {1-0 (39) Yeke,S (2277)-Lamprecht,M (2263) Budapest 2003}) 13. Qc2 Qc7 14. Ng5 {Bxc5 is the strong threat.} Bd7 15. Rbd1 h6 16. Nf3 Rae8 17. Na4 b6 18. e3 g5 19. h4 (19. Nd4 $14) 19... Nce4 20. hxg5 hxg5 21. Nd2 {Strongly threatening Nxe4.} c5 22. Nxe4 Nxe4 23. Bb2 Bc6 24. Nc3 (24. Bxg7 $11 {keeps the balance.} Kxg7 25. Nc3) 24... Bxc3 $17 25. Bxe4 Rxe4 26. Qxc3 {[#] Hoping for Qh8+.} Qh7 $1 {[%cal Rh7h1] ( -> ...Qh1+!)} 27. Rxd6 $2 {[#]} (27. f3 $19 Re6 28. Rd2) 27... Qh1+ $1 {[%mdl 33280] Precision: White = 41%, Black = 78%. . Loss on Time!?} 0-1

[Event "V Sunway Sitges Open 2018"]
[Site "Sitges"]
[Date "2018.12.22"]
[Round "9"]
[White "Martinez Reyes, Pedro Ramon"]
[Black "Xu, Xiangyu"]
[Result "0-1"]
[WhiteElo "2408"]
[BlackElo "2565"]
[Annotator "TA"]
[PlyCount "204"]
[EventDate "2018.12.14"]
[EventType "swiss"]
[EventCountry "ESP"]
[SourceTitle "playchess.com"]
[Source "ChessBase"]
[SourceQuality "1"]

{[%evp 18,204,6,0,21,0,0,-10,-10,-10,0,-8,-8,-8,-8,-8,0,-12,-13,-2,-5,-8,-8,-8,0,0,0,-56,-20,-20,-20,-20,-20,-20,-20,-20,-20,-20,0,0,0,0,0,0,0,0,0,0,0,-27,-26,-21,-20,-39,-21,-25,0,0,0,0,0,0,0,0,0,0,0,-16,-14,-14,-14,-20,-14,-14,-14,-14,0,0,0,0,0,-7,-7,-14,-14,-14,-11,-14,-1,-1,-1,-8,-8,-8,-1,-1,-1,-1,0,0,0,-6,0,-8,0,0,0,-8,0,-8,0,0,0,0,0,0,0,0,0,0,0,-8,0,0,0,-8,0,0,0,-8,0,-8,-8,-16,0,0,0,-16,-2,-8,-8,-8,-8,-8,-8,-27,-25,-75,-35,-35,-35,-35,-35,-58,-45,-51,-58,-76,-76,-76,-76,-84,-76,-76,-76,-133,-133,-133,-132,-128,-128,-245,-237,-268,-250,-354,-360,-326,-214,-194,-194,-159,0,-191,0,-260,-193,-1658,-4137]} 1. e4 c6 2. d4 d5 3. exd5 cxd5 4. c4 Nf6 5. Nc3 e6 6. Nf3 Bb4 7. Bd3 O-O 8. O-O dxc4 9. Bxc4 b6 10. Qe2 {LiveBook: 243 Games. E54: Nimzo-Indian: Rubinstein: Main Line: 7...dxc4 8 Bxc4} (10. Bg5 Bb7 11. Rc1 Nc6 12. a3 Be7 13. Ba2 Rc8 14. Qd3 h6 15. Be3 Bd6 16. Rfd1 Ne7 17. Ne5 Bxe5 18. dxe5 Qxd3 19. Rxd3 Nfd5 20. Bd2 Nxc3 21. Rdxc3 Rxc3 22. Bxc3 {½-½ (67) Le,Q (2737)-Ding,L (2777) Huaian 2017}) 10... h6 11. Ne5 $146 ({Predecessor:} 11. Rd1 Bb7 12. Bf4 Bxc3 13. bxc3 Nd5 14. Bd2 Qc7 15. Ne5 Nc6 16. Bxd5 exd5 17. Bxh6 gxh6 {0-1 (27) Castellanos Rodriguez,R (2488)-Anurag,M (2466) Forni di Sopra 2017}) 11... Bb7 12. a3 {The position is equal.} Bxc3 $1 13. bxc3 Nbd7 14. Bd3 Rc8 15. Bd2 Nxe5 16. Qxe5 Qd5 {[%csl Gb7][%cal Rd5g2]} 17. Qg3 Ne4 18. Bxe4 $1 Qxe4 19. Rfe1 $1 {[%cal Re1e4]} Qh7 20. a4 Bd5 21. a5 b5 22. Re5 (22. Bf4 $11) 22... Qg6 23. Qxg6 fxg6 24. Rb1 a6 25. Rb4 Rc4 26. Re1 Rfc8 27. Rc1 R4c7 28. h4 Kf7 29. f3 Kf6 30. Kf2 Rc6 31. Rbb1 Rc4 32. Rb4 Kf5 33. Rxc4 (33. Kg3 {is more complex.} R8c7 34. Kf2 g5 35. hxg5 hxg5 36. Re1) 33... Rxc4 $11 {[%mdl 4096] Endgame KRB-KRB} 34. Ra1 Kf6 35. Ra3 Ke7 36. Ke2 Rc8 37. Bf4 Bc4+ 38. Ke3 Rc6 39. Be5 Kf7 40. Bb8 Bd5 41. Ba7 Rc4 42. Kd3 Kf6 43. Bb8 g5 44. hxg5+ Kxg5 45. Bd6 Rc6 46. Bf8 Kf6 47. Ke3 h5 48. Bb4 g5 49. Ra1 Rc7 50. Rh1 Kg6 51. Rh2 h4 52. f4 Rf7 53. fxg5 Kxg5 54. Bd6 Kg4 55. Ke2 Bb3 56. Ke3 Bc4 57. Rh1 Bf1 58. Rh2 Bc4 59. Rh1 Bb3 60. Ke2 Bc2 61. Ke3 Bg6 62. Rh3 Bf5 63. Rh1 Rh7 64. Rh2 Kg5 65. Kf3 Bg4+ 66. Ke3 Bd1 67. Rh3 Kg4 68. Rh1 Bb3 69. Ke2 Rd7 70. Be5 Rf7 71. Bd6 Rg7 72. Be5 Rh7 73. Bd6 Kf5 74. Ke3 Bd5 75. Rh2 Rh8 76. Be7 Kg4 77. Bd6 Rc8 78. Kd2 Rc4 79. Be7 Ra4 80. Rxh4+ Kg3 81. Rh7 Rxa5 82. Rg7+ Kf4 83. Bd6+ Ke4 84. Rg4+ Kf5 85. Rf4+ Kg6 86. g3 Ra2+ 87. Kc1 a5 {[%cal Ba6a5,Ba5a4][%mdl 32]} 88. Kb1 Re2 89. Rf8 Be4+ 90. Ka1 Rc2 91. Rb8 {[#]} (91. Rg8+ $142 Kf7 92. Rc8) 91... Bd3 $1 $17 ({Don't play} 91... Rxc3 92. Rxb5 Rd3 93. Rxa5 $11) 92. Ra8 a4 ({Much less strong is} 92... Rxc3 93. Rxa5 Bc4 94. Ra3 $15) 93. Bb4 Kf5 94. Ra6 (94. d5 $17 {might work better.}) 94... Bc4 $19 95. Kb1 Rh2 96. Ra8 (96. Rb6 {was worth a try.}) 96... Ke4 97. Rf8 Bd3+ 98. Ka1 Kd5 {( -> ...Kc4)} 99. Rc8 Ke4 100. Rf8 $1 Bc4 $2 (100... Rg2 $19 101. g4 Rxg4) 101. Rf4+ $2 {[%mdl 8192]} (101. Kb1 $1 $11) 101... Kd5 102. Rf8 $2 {[#]} (102. Rh4 Rg2 103. Rh7) 102... a3 $1 {[%mdl 512] Accuracy: White = 64%, Black = 63%.} 0-1

[Event "V Sunway Sitges Open 2018"]
[Site "Sitges"]
[Date "2018.12.22"]
[Round "9"]
[White "Medarde Santiago, Luis Marcos"]
[Black "Halkias, Stelios"]
[Result "0-1"]
[WhiteElo "2386"]
[BlackElo "2552"]
[Annotator "TA"]
[PlyCount "108"]
[EventDate "2018.12.14"]
[EventType "swiss"]
[EventCountry "ESP"]
[SourceTitle "playchess.com"]
[Source "ChessBase"]
[SourceQuality "1"]

{[%evp 20,108,25,22,31,40,37,37,60,12,20,0,50,45,62,48,57,46,80,54,80,65,82,61,63,52,66,10,51,55,92,67,72,0,0,2,43,-43,-17,-172,-186,-174,-181,-172,-157,-172,-173,-163,-138,-171,-187,-167,-110,-111,-74,-191,-167,-298,-296,-289,-261,-450,-284,-529,-504,-666,-604,-976,-658,-2074,-1879,-12841,-12843,-29980,-29981,-29988,-29989,-29991,-29986,-29986,-29987,-29986,-29984,-29987,-29987,-29987,-29988,-29989,-29990,-29990,-29991]} 1. e4 c5 2. Nc3 Nc6 3. Nf3 d6 4. d4 cxd4 5. Nxd4 e5 6. Nf5 Bxf5 {B54: Sicilian: 2...d6 3 d4 cxd4 4 Nxd4, Unusual Lines} 7. exf5 Qd7 8. Nd5 Nge7 9. f6 Nxd5 10. fxg7 Bxg7 11. Qxd5 {LiveBook: 4 Games} O-O (11... Qe6 12. Bc4 Nd4 13. Qxe6+ fxe6 14. Bd3 {½-½ (35) Maze,S (2612)-Cornette,M (2593) Nimes 2018}) 12. c3 Ne7 13. Qb5 Qc7 $146 ({Predecessor:} 13... Qxb5 14. Bxb5 {½-½ (50) Chereches,M (2280)-Fekete,A (2257) Puspokladany 2011}) 14. Qc4 Qd7 15. Qb5 Qc6 16. Bg5 f6 17. Be3 a6 18. Qb4 a5 19. Qb5 Rfc8 20. Rd1 d5 21. g3 a4 22. a3 Kf7 23. f4 (23. Be2 $14) 23... Qxb5 (23... d4 $5 {[%cal Rc6h1]} 24. Qxc6 Rxc6 25. cxd4 Nd5 $14) 24. Bxb5 e4 25. Ke2 f5 26. Bd4 (26. h3 $16) 26... Ra5 $11 27. Bd7 Rc4 (27... Rca8 {is more complex.} 28. Bb6 R5a6 29. Bf2 Ra5 30. g4 fxg4 31. f5 R8a6) 28. Bxg7 ({White should play} 28. Be3 $14) 28... Kxg7 $15 29. Rd4 $2 (29. g4 $11 {and White is okay.}) 29... Rxd4 $1 $19 30. cxd4 {[%mdl 4096] Endgame [#] KRB-KRN} Nc6 $1 31. Rd1 Rb5 32. Rd2 Kf6 33. Kd1 Rb3 34. Bxc6 bxc6 $17 {KR-KR} 35. Rc2 Ke7 ({Black should try} 35... Kg6 $19 36. Ke1 Rb6) 36. Rxc6 Rd3+ 37. Ke2 (37. Ke1 $17) 37... Rxd4 $19 38. Rh6 (38. Ra6 $142) 38... Rc4 39. Rxh7+ {[#]} Kd6 $1 40. Rh5 $2 (40. Rh6+ {might work better.} Kc5 41. Kd2) 40... Rc2+ {[%mdl 64] Double Attack} 41. Ke3 $2 (41. Kd1 {was forced.} Rxb2 42. Kc1) 41... Rxb2 42. Rxf5 Rb3+ 43. Kd2 Rxa3 44. g4 d4 45. Re5 Ra2+ 46. Kc1 e3 {Black mates.} 47. g5 a3 48. g6 Rg2 49. Ra5 a2 50. Ra6+ Ke7 51. f5 {[#]} a1=Q+ $1 {[%mdl 512]} 52. Rxa1 Rg1+ 53. Kb2 Rxa1 54. Kxa1 e2 {Accuracy: White = 26%, Black = 65%.} 0-1

[Event "V Sunway Sitges Open 2018"]
[Site "Sitges"]
[Date "2018.12.22"]
[Round "9"]
[White "Gual Pascual, Antonio"]
[Black "Pogonina, Natalija"]
[Result "0-1"]
[WhiteElo "2357"]
[BlackElo "2465"]
[Annotator "TA"]
[PlyCount "56"]
[EventDate "2018.12.14"]
[EventType "swiss"]
[EventCountry "ESP"]
[SourceTitle "playchess.com"]
[Source "ChessBase"]
[SourceQuality "1"]

{[%evp 19,56,0,0,0,0,0,0,0,8,16,8,0,17,13,10,3,26,0,0,0,0,-5,0,0,0,0,18,8,30,-140,-147,-154,-140,-164,-103,-296,-298,-293,-295]} 1. Nf3 d5 2. c4 e6 3. g3 dxc4 4. Qa4+ Bd7 5. Qxc4 c5 6. Bg2 {A13: English Opening: 1...e6} Bc6 7. O-O Nf6 8. b3 Nbd7 9. Bb2 Be7 10. d3 O-O {LiveBook: 8 Games} 11. e4 $146 ({Predecessor:} 11. Nbd2 Rc8 12. Qc2 b5 13. Rac1 Qb6 {½-½ (23) Movsesian,S (2705)-Grachev,B (2672) Sibenik 2012}) 11... Rc8 12. Qc2 b5 13. Qe2 Qb6 14. Nbd2 Bb7 15. a4 a6 $1 16. Rfc1 Nb8 17. axb5 axb5 18. Ne5 Nfd7 19. Nxd7 Nxd7 20. Nf3 Ra8 21. d4 Rxa1 22. Bxa1 Rc8 23. d5 exd5 24. Bh3 $2 ({Only move:} 24. exd5 $11 Bf6 25. Bh3) 24... Qh6 $36 {[%mdl 2112] [#] Double Attack. Black is really pushing.} 25. Qf1 Rd8 26. Rd1 dxe4 (26... Nf8 $19 27. exd5 Bxd5 {[%mdl 64] Double Attack}) 27. Nh4 $2 (27. Bxd7 $17 {was worth a try.} exf3 28. Qe1) 27... Bxh4 $19 28. Rxd7 Bc6 {Accuracy: White = 46%, Black = 70%.} 0-1

[Event "V Sunway Sitges Open 2018"]
[Site "Sitges"]
[Date "2018.12.22"]
[Round "9"]
[White "Demianjuk, Alexander"]
[Black "Gukesh, D."]
[Result "1/2-1/2"]
[WhiteElo "2344"]
[BlackElo "2466"]
[Annotator "TA"]
[PlyCount "140"]
[EventDate "2018.12.14"]
[EventType "swiss"]
[EventCountry "ESP"]
[SourceTitle "playchess.com"]
[Source "ChessBase"]
[SourceQuality "1"]

{[%evp 17,140,5,11,15,14,11,25,0,0,-7,-7,0,33,33,32,27,38,19,43,12,12,12,21,15,18,5,25,10,21,26,27,23,21,10,8,14,28,28,47,22,18,0,0,0,46,52,93,13,16,0,18,0,0,0,0,-28,13,0,0,0,60,-8,-8,-8,0,0,0,0,0,0,0,0,0,0,0,0,60,0,37,0,8,0,0,0,0,0,0,0,0,0,389,385,29967,29969,29985,29986,29986,29987,29987,29988,29988,29979,29987,29978,29976,29973,29972,0,29982,29983,29986,0,0,0,29986,0,0,0,0,0,0,0,0,0,0]} 1. e4 c5 2. Nf3 Nc6 3. Bb5 g6 4. Bxc6 dxc6 5. d3 Bg7 6. h3 Nf6 7. Nc3 Nd7 {B31: Sicilian: 2...Nc6 3 Bb5 g6} 8. Be3 e5 9. O-O b6 {LiveBook: 8 Games} 10. Nh2 Nf8 {[%cal Bd7f8,Bf8e6,Be6d4][%mdl 32]} 11. f4 exf4 12. Bxf4 $146 (12. Rxf4 Be6 13. Rf2 h6 14. Qd2 g5 15. Raf1 {½-½ (115) Caruana,F (2832)-Carlsen,M (2835) London 2018}) 12... Ne6 13. Bg3 Nd4 14. Qd2 Be6 15. Nd1 Nb5 16. c3 O-O 17. Nf2 Qd7 18. Nfg4 Bxg4 19. Nxg4 f6 20. a4 Nd6 {next ...Nxe4! is good for Black.} 21. Rae1 Rad8 22. Qc2 h5 23. Nh2 Nf7 24. Rd1 Ng5 25. Nf3 (25. Rfe1 {with more complications.} Rfe8 26. Nf1 Bh6 27. a5 Ne6 28. Qf2) 25... Nxf3+ 26. Rxf3 Qe6 27. Rdf1 Rfe8 28. c4 Rf8 29. b3 Rf7 30. Be1 Bf8 31. Bc3 {[%cal Rc3f6]} Be7 32. Qf2 ({White should try} 32. Qc1 $16) 32... Rdf8 $1 $11 33. Qg3 Kh7 34. Qf4 Bd6 35. e5 Bc7 36. g4 f5 37. gxh5 g5 $1 {[%cal Rg5f4]} 38. Qe3 Re7 (38... f4 $11 39. Qe4+ Kh6) 39. Kh1 (39. Rg3 $1 $14 Bxe5 40. Bxe5 Qxe5 41. Qxg5) 39... f4 40. Qe4+ Qf5 {[%cal Rc7e5]} 41. h4 Qxe4 42. dxe4 Bxe5 43. hxg5 Bxc3 44. Rxc3 Rxe4 {[%mdl 4096] Endgame KRR-KRR} 45. Rg3 Kg7 46. Rg4 a6 ({Better is} 46... Rh8 $11) 47. Rf3 (47. Rd1 $14) 47... b5 48. axb5 cxb5 49. cxb5 axb5 50. Kg2 Rd4 51. Kh3 c4 52. bxc4 bxc4 53. Kh4 Rf5 $2 {[%mdl 8192]} (53... Rd1 $11 {and Black has nothing to worry.} 54. Rg2 (54. Rgxf4 Rh1+ 55. Kg3 Rg1+ 56. Kf2 Rxf4 $11) 54... Rc1) 54. Ra3 $18 Rd7 $2 (54... Rdd5 $18 55. h6+ Kh7) 55. h6+ Kh7 56. Ra6 $1 Rf8 57. g6+ {[%cal Bg5g6,Bg6g7][%mdl 32]} Kg8 58. g7 Rc8 59. Rxf4 Rf7 60. Rxf7 Kxf7 {KR-KR} 61. Ra7+ Kg8 62. Ra6 $2 (62. Kh5 $1 Rc5+ 63. Kg4 Rc8 64. Ra6 c3 65. Kf5 (65. Ra1 Kh7 $11) 65... Kh7 66. Rf6 Rc5+ 67. Ke4 Rc4+ 68. Kf3) 62... c3 $2 {[%mdl 8192]} (62... Kf7 $11) 63. Kh5 $1 Kf7 64. Ra7+ $2 (64. Rg6 $1 Rc5+ 65. Kg4 Rc4+ 66. Kf3 Rc8 67. h7 $1 {[%mdl 512]} Kxg6 68. g8=Q+ Rxg8 {[%mdl 64] Promotion} 69. hxg8=Q+ Kf5 70. Qc8+ Ke5 71. Qxc3+ Kd5 72. Kf4) 64... Kg8 $11 {Threatens to win with ...c2.} 65. Ra6 $2 {[%mdl 8192]} (65. Kg6 $11 Rc6+ 66. Kg5 Rc5+ 67. Kf4) 65... Kf7 $1 {[#]} 66. Ra1 $2 (66. Rg6 $1 {mates} Rc5+ 67. Kh4 Rc4+ 68. Kg3 Rc8 {[#]} 69. h7 $1 {[%mdl 512]} Rg8 70. h8=Q c2 71. Rc6) 66... c2 {The position is equal.} 67. Rf1+ Kg8 68. Rc1 Kh7 69. Kg5 Rc6 70. Kf5 Rxh6 {Accuracy: White = 49%, Black = 54%.} 1/2-1/2

[Event "V Sunway Sitges Open 2018"]
[Site "Sitges"]
[Date "2018.12.22"]
[Round "9"]
[White "Krishna Teja, N."]
[Black "Liang, Awonder"]
[Result "1/2-1/2"]
[WhiteElo "2340"]
[BlackElo "2589"]
[Annotator "TA"]
[PlyCount "62"]
[EventDate "2018.12.14"]
[EventType "swiss"]
[EventCountry "ESP"]
[SourceTitle "playchess.com"]
[Source "ChessBase"]
[SourceQuality "1"]

{[%evp 25,62,-8,0,-37,-12,-10,0,-27,-7,-30,-39,-35,-26,-36,-23,-10,-14,-15,-17,-12,-7,-13,-15,-33,-8,-9,0,0,0,0,0,0,0,0,0,0,0,0,0]} 1. Nf3 c5 2. c4 Nc6 3. Nc3 g6 4. g3 Bg7 5. Bg2 e5 6. O-O Nge7 7. Ne1 {[%cal Bf3e1,Be1c2,Bc2e3,Be3d5][%mdl 32]} O-O 8. Nc2 d6 9. a3 Be6 10. Ne3 Qd7 11. d3 Bh3 12. Ned5 Bxg2 {A37: Symmetrical English vs ...g6: 4 Bg2 Bg7 5 Nf3} 13. Kxg2 f5 {LiveBook: 4 Games} (13... Nxd5 14. cxd5 Ne7 15. e4 f5 16. Qa4 Qxa4 17. Nxa4 Rfc8 18. Nc3 a6 {½-½ (18) Holzke,F (2506)-Edouard,R (2621) Hastings 2012}) 14. e3 $146 ({Predecessor:} 14. e4 f4 15. gxf4 exf4 16. Nxf4 Ne5 17. f3 g5 18. Nh5 N7g6 19. Bxg5 h6 20. Be3 {1-0 (69) Vitouch,A (2320)-Wilke,W (2226) Austria 2016}) 14... Rf7 {Black is slightly better.} 15. Rb1 Nxd5 16. Nxd5 e4 17. f4 exf3+ 18. Qxf3 Ne5 {[%mdl 64] [#] Double Attack} 19. Qe2 Re8 20. b4 Ng4 21. Bb2 Bxb2 22. Rxb2 Nf6 23. Nxf6+ Rxf6 24. Qf3 b6 25. e4 {The position is equal.} Ree6 26. Qe3 Qe7 {[%cal Rf5e4]} 27. Rbf2 Kg7 28. b5 fxe4 29. Rxf6 Rxf6 30. Rxf6 Kxf6 31. Qf4+ Kg7 {Accuracy: White = 84%, Black = 45%.} 1/2-1/2

[Event "V Sunway Sitges Open 2018"]
[Site "Sitges"]
[Date "2018.12.22"]
[Round "9"]
[White "Ortega Ruiz, Jose Miguel"]
[Black "Kelires, Andreas"]
[Result "1/2-1/2"]
[WhiteElo "2298"]
[BlackElo "2535"]
[Annotator "TA"]
[PlyCount "110"]
[EventDate "2018.12.14"]
[EventType "swiss"]
[EventCountry "ESP"]
[SourceTitle "playchess.com"]
[Source "ChessBase"]
[SourceQuality "1"]

{[%evp 26,110,54,44,83,28,38,28,58,17,61,53,99,95,94,82,97,86,156,153,156,151,183,184,160,56,157,148,175,182,186,185,217,165,169,163,184,151,145,0,0,0,0,0,0,0,0,0,481,471,482,419,29982,29983,29983,29984,29983,29984,29984,29969,5297,1952,1864,1852,1852,1670,613,1537,1408,0,0,0,0,0,0,0,0,0,0,0,0,0,0,0,0,0,0]} 1. d4 Nf6 2. c4 e6 3. Nf3 Bb4+ 4. Nbd2 b6 5. a3 Bxd2+ 6. Qxd2 Bb7 7. e3 O-O 8. Be2 Ne4 9. Qc2 f5 10. O-O d6 11. b4 Nd7 12. Bb2 Qe7 13. d5 {E14: Queen's Indian: Classical Variation (4 e3)} e5 (13... c5 14. dxc6 Bxc6 15. Nd4 Bb7 16. f3 Nef6 17. Rfd1 a6 18. a4 Rfc8 19. Qd2 Ne5 20. Rac1 Nf7 {1-0 (49) Ding,L (2777)-Liu,Y (2413) China 2016}) 14. Nd2 {[%cal Bf3d2,Bd2b1,Bb1c3,Bc3d5][%mdl 32] LiveBook: 10 Games} c6 15. dxc6 $146 (15. Nxe4 $16 fxe4 16. dxc6 (16. Qxe4 cxd5 17. cxd5 Nf6 $14) 16... Bxc6 17. h3) ({Predecessor:} 15. Nxe4 fxe4 16. dxc6 Bxc6 17. Rad1 Rf6 18. Bg4 Nf8 19. Rd2 Ng6 20. b5 Bb7 {0-1 (43) Ning,K (2173)-Tsolakidou,S (2340) Tarvisio 2017}) 15... Bxc6 $11 16. f3 Ng5 17. Rad1 Kh8 18. Nb1 Rf6 19. Nc3 Rc8 20. Nd5 Bxd5 21. Rxd5 f4 ({Black should play} 21... Nf7) 22. exf4 $16 Rxf4 23. Bc1 Rd4 24. Rxd4 exd4 25. Qf5 (25. Qd1 $16) 25... Ne6 (25... Qxe2 $14 26. Qxd7 Qe6 27. Qxa7 Nf7) 26. f4 $1 Rf8 27. Qh3 {Black must now prevent Bg4.} Nf6 {next ...Nxf4! is good for Black.} 28. Bd3 Qf7 29. Bb2 h6 30. Qf5 Rg8 31. Re1 Re8 32. g4 (32. Kf1 $16) 32... Nc5 $1 $11 33. Rxe8+ Qxe8 34. bxc5 Qe1+ $1 35. Kg2 Qd2+ 36. Kf1 Qxb2 $4 {[%mdl 8192]} (36... Qd1+ $11 {and Black has nothing to worry.} 37. Kg2 Qd2+ 38. Kg1 Qxb2) 37. c6 $18 {[%cal Bc5c6,Bc6c7][%mdl 32] Threatening mate with c7.} Qc1+ {[#]} 38. Ke2 $1 Qb2+ (38... Qe3+ $18 39. Kd1 Qf3+ 40. Kc2 Qg2+ 41. Kb3 Qxc6) 39. Kf3 Qd2 40. c7 Qe3+ 41. Kg2 Qd2+ 42. Kf1 Qd1+ {[#]} 43. Kf2 $1 Qd2+ 44. Be2 {White wants to mate with Kf1.} Qe3+ 45. Kf1 Qh3+ 46. Kg1 Qe3+ 47. Kf1 $2 ({Only move:} 47. Kh1 $18 Qxe2 48. c8=Q+ Ng8 49. Kg1) 47... Qh3+ $11 {The position is equal.} 48. Ke1 Qc3+ 49. Kd1 Qa1+ 50. Kc2 Qc3+ $1 51. Kb1 Qe1+ {[%mdl 64] Double Attack} 52. Kb2 Qxe2+ {[%mdl 64] Double Attack} 53. Kb1 Qe1+ 54. Ka2 Qe2+ 55. Kb1 Qe1+ {Accuracy: White = 67%, Black = 37%.} 1/2-1/2

[Event "V Sunway Sitges Open 2018"]
[Site "Sitges"]
[Date "2018.12.22"]
[Round "9"]
[White "Moksh Amit Doshi"]
[Black "Moreto Quintana, Alex"]
[Result "1-0"]
[WhiteElo "2233"]
[BlackElo "2134"]
[Annotator "TA"]
[PlyCount "55"]
[EventDate "2018.12.14"]
[EventType "swiss"]
[EventCountry "ESP"]
[SourceTitle "playchess.com"]
[Source "ChessBase"]
[SourceQuality "1"]

{[%evp 12,54,66,5,22,16,29,12,15,-1,12,-8,64,64,79,56,64,23,284,136,336,322,459,435,458,456,455,365,365,343,317,331,627,629,1365,1358,1345,939,888,751,764,764,1475,1468,29999]} 1. d4 d5 2. c4 e6 3. Nf3 a6 4. cxd5 exd5 5. Nc3 c6 (5... Nf6 6. Qb3 Be7 7. Bf4 O-O 8. e3 Bd6 9. Bg5 c6 10. Bd3 Re8 11. O-O Be7 12. Rae1 Nbd7 13. e4 Nb6 14. Bxf6 Bxf6 15. exd5 Rxe1 16. Rxe1 Nxd5 {½-½ (30) Dubov,D (2691)-Fedoseev,V (2707) Abu Dhabi 2018}) 6. Bf4 {D31: Queen's Gambit Declined: Semi-Slav without ...Nf6 (+ Marshall Gambit and Noteboom) and Exchange Variation lines without ...Nf6} Bd6 7. Bg3 {LiveBook: 13 Games} ({White should try} 7. Bxd6 $14 Qxd6 8. Qb3) 7... Bf5 8. Qb3 {[#] And now Bxd6 would win.The position is equal.} b5 $146 ({Predecessor:} 8... Ra7 9. Bxd6 Qxd6 10. Qb6 Ra8 11. Qxb7 Nf6 12. Qxa8 Qb4 13. O-O-O O-O 14. e3 Nbd7 15. Qxa6 Rb8 16. Qa3 {1-0 (16) Lukenda,T (2147)-Ascic,I (2006) Sibenik 2012}) 9. Nh4 Be6 10. e3 Nf6 11. Qc2 Ne4 (11... Bxg3 $11 12. hxg3 Nbd7) 12. Nxe4 $14 dxe4 13. Qxe4 {Threatens to win with Nf5.} Bb4+ $1 14. Kd1 Nd7 $2 {[%mdl 8192]} (14... g6 $11) 15. Bd3 ({Weaker is} 15. Qxc6 O-O $14) (15. d5 $1 $18 {is the precise move to win.}) 15... c5 $2 (15... Be7 $16 {is a better defense.}) 16. Nf5 $18 Rg8 (16... g6 $142) 17. Nd6+ {[%mdl 64] [#] Discovered Attack} Kf8 18. Nb7 Qc8 19. Bd6+ Ke8 {Hoping for ...Nf6.} 20. Bxc5 Bxc5 21. dxc5 {[%cal Bd4c5,Bc5c6][%mdl 32] Black must now prevent Nd6+.} Ke7 $2 (21... Nf6) 22. c6 Nb8 23. Qb4+ Kf6 24. Qd4+ Ke7 25. Qc5+ Kf6 26. Nd6 {Threatening mate with Ne4+.} Qxc6 27. Ne4+ Kg6 28. Qg5# {Accuracy: White = 45%, Black = 16%.} 1-0

[Event "V Sunway Sitges Open 2018"]
[Site "Sitges"]
[Date "2018.12.22"]
[Round "9"]
[White "Walter Travella, German"]
[Black "Cemborain Oricain, Alfonso"]
[Result "1/2-1/2"]
[WhiteElo "1917"]
[BlackElo "1921"]
[Annotator "NA RC"]
[PlyCount "38"]
[EventDate "2018.12.14"]
[EventType "swiss"]
[EventCountry "ESP"]
[SourceTitle "playchess.com"]
[Source "ChessBase"]
[SourceQuality "1"]
[TimeControl "40/5400+30:1800+30"]

1. e4 {[%emt 0:00:00]} Nf6 {[%emt 0:00:00]} 2. Nc3 {[%emt 0:00:38]} e5 {[%emt 0:00:00]} 3. Nf3 {[%emt 0:00:19]} Nc6 {[%emt 0:00:04]} 4. g3 {[%emt 0:00:14]} Bc5 {[%emt 0:03:35]} 5. Bg2 {[%emt 0:00:29]} d6 {[%emt 0:02:30]} 6. O-O {[%emt 0:03:00]} O-O {[%emt 0:03:17]} 7. d3 {[%emt 0:00:34]} a6 {[%emt 0:00:44]} 8. h3 {[%emt 0:00:27]} h6 {[%emt 0:06:32]} 9. Kh2 {[%emt 0:01:44]} Nh7 {[%emt 0:03:44]} 10. Nh4 {[%emt 0:01:31]} Nd4 {[%emt 0:05:01]} 11. Be3 {[%emt 0:04:52]} ({White should play} 11. Nd5 $14) 11... Be6 {[%emt 0:05:24]} 12. Ne2 {[%emt 0:03:02]} Nxe2 {[%emt 0:04:53]} 13. Qxe2 {[%emt 0:03:16]} Bxe3 {[%emt 0:00:37]} 14. Qxe3 {[%emt 0:00:37]} Qe7 {[%emt 0:06:42]} 15. Qe1 $11 {[%emt 0:04:29]} g5 {[%emt 0:09:23]} 16. Nf5 {[%emt 0:03:20]} Qf6 {[%emt 0:03:24]} 17. g4 {[%emt 0:01:38]} Rfe8 {[%emt 0:00:45]} 18. Qc3 {[%emt 0:07:21]} Rac8 {[%emt 0:01:33]} 19. a4 Nf8 1/2-1/2